00766cam a22002294a 4500001000500000005001700005020001800022040002300040050002100063082001100084100001700095245007800112260003500190300004900225505000800274520011000282521002100392521002000413650004900433650001000482650004400492335420250530141122.0 a9780545477550 aDLCcDLCdDLCbeng00aQL737.U53b 200100a599.641 aRobbins, Ken10aThunder on the plains :bthe story of the American buffalo /cKen Robbins aNew York :bScholastic ,c2001 a32 pages : bcolor illustrations ;c22 cm .  aZ  aA brief introduction to the history of the American buffalo and how it was almost hunted into extinction. a1000 bLexile  aZ bRaz-Plus  0aAmerican bisonxHistoryvJuvenile literature 1aBison 1aEndangered speciesvJuvenile literature